000 00676nam a22002177a 4500
999 _c14870
_d14870
003 AR-CdUCM
008 190424b ||||| |||| 00| 0 spa d
020 _a978-958-42-5158-9
040 _aMUNICIPALIDAD PROVINCIAL DEL CUSCO
_cBIBLIOTECA MUNICIPAL DEL CUSCO
082 _aEP / 808.06 /
_bF75
100 _aFrancis, Suzanne
_933823
245 _aBuscando a Dory :
_bCharlas submarinas /
260 _aBogotá :
_bPlaneta colombiana,
_c2016.
300 _a127 páginas ;
_c19 cm.
_bIlustración,
440 _aDisney, Pixar
_933824
650 _aLiteratura
_9416
650 _aInfantil
_96210
650 _aNiños
_99390
942 _2ddc
_cLIBROS
945 _arah
_d24/04/2019